03227nam a2200301 i 450000500170000000700030001700800410002004000260006109000200008710000420010724501550014926000730030430000150037733600210039233700250041333800230043850201000046152019490056170000380251070000300254872000370257872000460261572000370266172000410269894200410273995201280278099900170290820250911160111.0ta250205s2023 ph a mabs 00| 0 eng  cCSPC aCSPCbengerda aUTH BSOA C125c 1 aCalabines, Maria Cherry C.,eauthor. 10aChallenges on management practices of micro-enterprises in Buhi, Camarines Sur / cMaria Cherry C. Calabines, Annabelle M. Catorce, and Joy B. Cielo.  aBuhi, Camarines Sur : bCamarines Sur Polytechnic Colleges, c2023.  a95 leaves. 2rdacontentatext 2rdamediaaunmediated 2rdacarrieravolume aUndergraduate Thesis (BSOA)- Office Administration.cCamarines Sur Polytechnic Colleges, 2023. 3 aThis study aimed to determine the management practices of the microenterprises in Buhi, Camarines Sur, anxiety level of students in public speaking, the causes that may lead the students to experience public speaking anxiety along physical, cognitive, behavioral, and emotional, as well as to identify recommendations that can be proposed to overcome the anxiety of the students in public speaking. The respondents of this study were the 150 Bachelor of Science in Office Administration students, particularly from the 1st, 2nd, and 3rd year level of Camarines Sur Polytechnic Colleges Buhi Campus. The descriptive method was used to attain the objectives of this study. The instrument used were adapted from the instruments developed by McCroskey et al. Survey questionnaire was utilized for data collection and was interpreted using weighted mean and percentage formula. The result showed that the students' anxiety level in public speaking was moderate. Furthermore, the indicators self-consciousness in front of a large group of people, inability to find proper words to express ideas, inadequate grammatical knowledge, lack of self-confidence, and fear of making mistakes were the major causes that leads the students to experience public speaking anxiety along physical, cognitive, behavioral, and emotional, respectively. Moreover, the most proposed recommendations were to practice in front of a mirror or around people/friends, work with their self-confidence, and public speaking workshops, seminars, training programs, and courses. This study aimed to better understand the challenges that micro enterprises encounter in Buhi, Camarines Sur, as well as the management methods of these organizations. The proposed recommendations will address the challenges encountered by micro enterprises in Buhi, Camarines Sur to enable micro enterprises management practices to achieve sustainable status and boost global trade competitiveness.  aCatorce, Annabelle M., eauthor.  aCielo, Joy B., eauthor.  aEscuro, Jessibel L., eadviser.  aOliveros, Josefin N., epanelist, chair.  aVillar, Mariber M., epanelist.  aManinang, Jeorgette N., epanelist.  2ddcn0cUMkUTH m2023hC125ciBSOA  00102ddc4070aBUHIbBUHIcUTHd2024-09-16l0oUTH BSOA C125c 2023p00224UM-BUHr2025-02-05 00:00:00t1-1w2024-09-16yUM c28711d28711